Napoli Scorers in 2010s Champions League - Statistics

General Stats
  • This quiz has been taken 269 times
  • The average score is 10 of 15
Answer Stats
Player Nation Gls % Correct
Dries Mertens Belgium 10
100%
Edinson Cavani Uruguay 5
98%
Marek Hamšík Slovakia 5
97%
Lorenzo Insigne Italy 9
95%
Piotr Zieliński Poland 2
89%
José Callejón Spain 4
87%
Arkadiusz Milik Poland 4
83%
Gonzalo Higuaín Argentina 4
82%
Ezequiel Lavezzi Argentina 2
69%
Gökhan Inler Switzerland 3
64%
Duván Zapata Colombia 1
50%
Amadou Diawara Guinea 1
45%
Jorginho Italy 1
27%
Federico Fernández Argentina 2
20%
Manolo Gabbiadini Italy 1
13%
No matching quizzes found
Score Distribution
Percent of People with Each Score
Percentile by Number Answered
Your Score History
You have not taken this quiz